[Event "World Blitz Women 2025"]
[Site "Doha QAT"]
[Date "2025.12.29"]
[Round "7.62"]
[White "Skaslien, Ingrid"]
[Black "Dwilewicz, Katarzyna"]
[Result "0-1"]
[BlackTitle "WFM"]
[WhiteElo "2029"]
[BlackElo "2185"]
[WhiteFideId "1520660"]
[BlackFideId "1148486"]
[EventDate "2025.12.29"]

1. d4 Nf6 2. c4 e6 3. Nc3 d5 4. cxd5 exd5 5. Bg5 Bb4 6. e3 h6 7. Bf4 c5 8. a3
Bxc3+ 9. bxc3 Nc6 10. Bd3 Qa5 11. Qc2 cxd4 12. exd4 Nxd4 13. Qb2 O-O 14. Ne2 Re8
15. O-O Nxe2+ 16. Bxe2 b6 17. Rad1 Bf5 18. c4 dxc4 19. Bf3 Rac8 20. Rc1 Bd3 21.
Rfd1 Qf5 22. Bg3 b5 23. Bb7 Rcd8 24. Bc6 Re6 25. Qxb5 Qxb5 26. Bxb5 Rd4 27. h3
a6 28. Bxc4 Rxc4 29. Rxc4 Bxc4 30. Rd8+ Kh7 31. Rc8 Bd5 32. Rd8 Bc4 33. Rc8 Bb5
34. Rc7 Kg6 35. h4 Re1+ 36. Kh2 Ng4+ 37. Kh3 h5 38. Bf4 Nxf2+ 39. Kg3 Ne4+ 40.
Kf3 Nf6 41. Kf2 Re2+ 42. Kg3 Ra2 43. Rb7 Rxa3+ 44. Kh2 Ng4+ 45. Kg1 Ra1+ 0-1

[Event "World Blitz Women 2025"]
[Site "Doha QAT"]
[Date "2025.12.29"]
[Round "7.63"]
[White "Mkrtchian, Lilit"]
[Black "Berikkyzy Alanna"]
[Result "1-0"]
[WhiteTitle "IM"]
[BlackTitle "WFM"]
[WhiteElo "2366"]
[BlackElo "2241"]
[WhiteFideId "13300601"]
[BlackFideId "13780719"]
[EventDate "2025.12.29"]

1. Nf3 c5 2. b3 Nf6 3. Bb2 e6 4. g3 d5 5. Bg2 Bd6 6. O-O Nc6 7. d4 O-O 8. Nbd2
cxd4 9. Nxd4 Nxd4 10. Bxd4 e5 11. Bb2 Bf5 12. c4 e4 13. cxd5 Re8 14. Nc4 Bc5 15.
Ne3 Bg6 16. Bd4 Rc8 17. Rc1 Bxd4 18. Qxd4 Qd7 19. Rfd1 h5 20. Rxc8 Rxc8 21. Qxa7
h4 22. Qd4 Re8 23. a4 hxg3 24. hxg3 Bh5 25. Bf1 Ng4 26. d6 Nxe3 27. Qxe3 Bg6 28.
Qd4 e3 29. f3 Rd8 30. Qxe3 Bc2 31. Rd2 Bg6 32. g4 Qc6 33. Qd4 b5 34. a5 Qd7 35.
a6 Qc6 36. a7 Kh8 37. d7 f6 38. b4 1-0

[Event "World Blitz Women 2025"]
[Site "Doha QAT"]
[Date "2025.12.29"]
[Round "7.64"]
[White "Sharma, Isha"]
[Black "Jimenez Fernandez, Rebeca"]
[Result "1-0"]
[WhiteTitle "WIM"]
[BlackTitle "WFM"]
[WhiteElo "2245"]
[BlackElo "2137"]
[WhiteFideId "35006665"]
[BlackFideId "32070934"]
[EventDate "2025.12.29"]

1. e4 c5 2. Nf3 Nc6 3. Bc4 e6 4. d3 d5 5. exd5 exd5 6. Bb3 Nf6 7. O-O Be7 8. Bg5
O-O 9. h3 h6 10. Bh4 Be6 11. c3 b5 12. Nbd2 c4 13. dxc4 dxc4 14. Bc2 Qb6 15. Qe2
Rfe8 16. Bxf6 Bxf6 17. Ne4 Be7 18. Ng3 Bf8 19. Qe4 g6 20. Qf4 Qb8 21. Qh4 Qd8
22. Qf4 Qd6 23. Qh4 Bg7 24. Rad1 Qe7 25. Qf4 Qf6 26. Qc7 Bxh3 27. Ne4 Rxe4 28.
Bxe4 Re8 29. Qxc6 Qe7 30. gxh3 b4 31. Rfe1 bxc3 32. bxc3 1-0

[Event "World Blitz Women 2025"]
[Site "Doha QAT"]
[Date "2025.12.29"]
[Round "7.65"]
[White "Miranda Rodriguez, Tania"]
[Black "Fawaz, Nadia"]
[Result "1/2-1/2"]
[WhiteTitle "WIM"]
[BlackTitle "WFM"]
[WhiteElo "2051"]
[BlackElo "1957"]
[WhiteFideId "3510417"]
[BlackFideId "5309743"]
[EventDate "2025.12.29"]

1. e4 c5 2. Nf3 e6 3. d4 cxd4 4. Nxd4 Nf6 5. Nc3 Nc6 6. Ndb5 Bb4 7. a3 Bxc3+ 8.
Nxc3 d5 9. exd5 exd5 10. Bd3 O-O 11. O-O h6 12. h3 Re8 13. Bf4 a6 14. Re1 Be6
15. Qd2 Qd7 16. Rad1 Rad8 17. Ne2 Bf5 18. Ng3 Bxd3 19. Qxd3 Qc8 20. Nf5 Ne4 21.
Nd4 Nxd4 22. Qxd4 Qxc2 23. Rc1 Qb3 24. Re3 Qb5 25. Rce1 Nf6 26. Rxe8+ Rxe8 27.
Rd1 Re4 28. Qd2 Re2 29. Qd4 Rxb2 30. Bxh6 Qe2 31. Bc1 Rc2 32. Be3 Rc4 33. Qa1
Ne4 34. Rf1 Qd3 35. Qe5 Rc8 36. Bd4 Nf6 37. Qf4 Qe4 38. Qd2 Nd7 39. f3 Qg6 40.
Bf2 Nf6 41. Bh4 Rd8 42. Rd1 d4 43. Qb4 d3 44. Qxb7 d2 45. Qb6 Rd7 46. Qxa6 Qc2
47. Qe2 Qc5+ 48. Kh1 Rd6 49. Bxf6 gxf6 50. Kh2 Qc7 51. g3 Qd7 52. h4 Rd3 53. f4
Qd4 54. Qg4+ Kf8 55. Qc8+ 1/2-1/2

[Event "World Blitz Women 2025"]
[Site "Doha QAT"]
[Date "2025.12.29"]
[Round "7.66"]
[White "Al-Khulaifi, Ghada"]
[Black "Rouda Essa, Alserkal"]
[Result "0-1"]
[WhiteTitle "WCM"]
[BlackTitle "WGM"]
[WhiteElo "1630"]
[BlackElo "2052"]
[WhiteFideId "12100633"]
[BlackFideId "9314318"]
[EventDate "2025.12.29"]

1. d4 Nf6 2. c4 e6 3. Nc3 Bb4 4. e3 O-O 5. Bd3 d5 6. Nf3 dxc4 7. Bxc4 c5 8. a3
Bxc3+ 9. bxc3 Qc7 10. Bd3 Nc6 11. O-O Rd8 12. Ne5 Nxe5 13. dxe5 Nd5 14. Qc2 h6
15. c4 Ne7 16. f4 b6 17. Bd2 Bb7 18. Be1 Rd7 19. Bh4 Rad8 20. Rad1 Kh8 21. Bg3
Qc6 22. f5 Rxd3 23. Rxd3 Rxd3 24. fxe6 fxe6 25. Rf8+ Ng8 26. Rf2 Rxe3 27. Qd2
Rxa3 28. Qb2 Rd3 29. Qc2 Rd4 30. Rf1 Rxc4 31. Qf2 Qe4 32. Re1 Qd4 33. Qxd4 0-1

[Event "World Blitz Women 2025"]
[Site "Doha QAT"]
[Date "2025.12.29"]
[Round "7.67"]
[White "Mikheeva, Galina"]
[Black "Echcharbiny, Wissal"]
[Result "1-0"]
[WhiteTitle "FM"]
[WhiteElo "2122"]
[BlackElo "1726"]
[WhiteFideId "44108320"]
[BlackFideId "9014853"]
[EventDate "2025.12.29"]

1. e4 c6 2. c4 d5 3. exd5 cxd5 4. cxd5 Nf6 5. Qa4+ Nbd7 6. Nc3 g6 7. Bc4 Bg7 8.
Nf3 O-O 9. d3 Nb6 10. Qb3 Nxc4 11. dxc4 b6 12. O-O Ba6 13. Ne5 Rc8 14. Re1 Bb7
15. Qa4 a6 16. Nc6 Bxc6 17. dxc6 Qc7 18. Nd5 Nxd5 19. cxd5 a5 20. Bf4 Qd8 21.
Rad1 Re8 22. c7 Rxc7 23. Bxc7 Qc8 24. d6 1-0

[Event "World Blitz Women 2025"]
[Site "Doha QAT"]
[Date "2025.12.29"]
[Round "7.68"]
[White "Lau, Chloe Hailey"]
[Black "Khalil, Manar"]
[Result "0-1"]
[BlackTitle "WFM"]
[WhiteElo "1562"]
[BlackElo "1925"]
[WhiteFideId "6012469"]
[BlackFideId "7604661"]
[EventDate "2025.12.29"]

1. e4 c5 2. Nf3 Nc6 3. Bb5 g6 4. c3 Nf6 5. e5 Nd5 6. d4 cxd4 7. Bxc6 dxc6 8.
cxd4 Bg7 9. O-O O-O 10. Nc3 Bg4 11. h3 Bf5 12. Bf4 Nxf4 13. Re1 Nd5 14. Rc1 Qd7
15. Ne4 b6 16. Neg5 h6 17. Ne4 Rac8 18. Nc3 Nb4 19. a3 Nd3 20. g4 Nxe1 21. Nxe1
Be6 22. Nf3 Rfd8 23. Qe2 c5 24. dxc5 Rxc5 25. Rd1 Qc8 26. Re1 Bd5 27. Nd2 Bb7
28. Nb3 Rxe5 29. Qf1 Rxe1 30. Qxe1 Qc6 0-1

[Event "World Blitz Women 2025"]
[Site "Doha QAT"]
[Date "2025.12.29"]
[Round "7.69"]
[White "Zvereva, Marija"]
[Black "Alotaibi, Maitha Abdulrahman A"]
[Result "1-0"]
[WhiteTitle "WIM"]
[WhiteElo "2007"]
[BlackElo "1600"]
[WhiteFideId "4121082"]
[BlackFideId "21524009"]
[EventDate "2025.12.29"]

1. f4 c5 2. Nf3 d5 3. g3 Nc6 4. Bg2 Nf6 5. O-O e6 6. d3 Be7 7. Nc3 O-O 8. e4
dxe4 9. dxe4 Nd4 10. e5 Nd5 11. Nxd4 Nxc3 12. bxc3 cxd4 13. cxd4 Qb6 14. Be3 Qc7
15. Qd3 Bd7 16. c4 Rad8 17. d5 Bc5 18. Rac1 Bxe3+ 19. Qxe3 Qa5 20. Rf2 exd5 21.
cxd5 Bf5 22. d6 Qb5 23. Qb3 Qxb3 24. axb3 b5 25. b4 Be6 26. Rfc2 Bc4 27. Ra1 Rb8
28. Rxa7 Rfd8 29. Rc1 g6 30. h4 Kg7 31. Rca1 Be6 32. Rc7 h5 33. Raa7 Kf8 34. Be4
Rb6 35. Kf2 Rbb8 36. Ke3 Rb6 37. Kd4 Rbb8 38. Rab7 Ra8 39. Ra7 Rab8 40. Bc6 Rb6
41. Kc5 Rbb8 42. Bxb5 Kg7 43. Bc4 Kf8 44. Bxe6 fxe6 45. b5 Ke8 46. b6 Kf8 47.
Rf7+ Ke8 48. Rae7# 1-0

[Event "World Blitz Women 2025"]
[Site "Doha QAT"]
[Date "2025.12.29"]
[Round "7.70"]
[White "Alsemairi, Dalia"]
[Black "Abrar Mohammed Ahmad Almalki"]
[Result "1-0"]
[WhiteTitle "WCM"]
[WhiteElo "1802"]
[BlackElo "1826"]
[WhiteFideId "21511217"]
[BlackFideId "21543143"]
[EventDate "2025.12.29"]

1. e4 e6 2. d4 d5 3. e5 c5 4. c3 Nc6 5. Nf3 Nge7 6. Bd3 Ng6 7. O-O Be7 8. a3 O-O
9. b4 cxd4 10. cxd4 Qb6 11. Bxg6 hxg6 12. Nc3 a6 13. Be3 Qd8 14. Qd2 Bd7 15. Na4
Rc8 16. Nc5 Bxc5 17. bxc5 Na5 18. Bg5 Qc7 19. Qf4 Bc6 20. Qh4 Nc4 21. Be7 Rfe8
22. Ng5 Qxe7 23. Qh7+ Kf8 24. Qh8# 1-0

[Event "World Blitz Women 2025"]
[Site "Doha QAT"]
[Date "2025.12.29"]
[Round "8.1"]
[White "Goryachkina, Aleksandra"]
[Black "Muzychuk, Mariya"]
[Result "1-0"]
[WhiteTitle "GM"]
[BlackTitle "GM"]
[WhiteElo "2534"]
[BlackElo "2475"]
[WhiteFideId "4147103"]
[BlackFideId "14114550"]
[EventDate "2025.12.29"]

1. e4 c5 2. Nf3 Nc6 3. Bb5 g6 4. O-O Bg7 5. d3 e5 6. a3 Nge7 7. b4 d6 8. bxc5
dxc5 9. Bg5 f6 10. Be3 b6 11. Bc4 Qd6 12. Nc3 a6 13. Nd5 Nxd5 14. Bxd5 Be6 15.
Bxe6 Qxe6 16. Rb1 Nd4 17. c3 Nxf3+ 18. Qxf3 O-O 19. Qe2 Rfd8 20. c4 Rd6 21. Rb3
f5 22. f3 Rad8 23. Rfb1 h6 24. Bf2 Kh7 25. h3 Bf6 26. a4 a5 27. Qb2 Bg5 28. Rxb6
Rxb6 29. Qxb6 Qxb6 30. Rxb6 Rxd3 31. Bxc5 fxe4 32. fxe4 Be3+ 33. Bxe3 Rxe3 34.
Rb7+ Kg8 35. c5 Rc3 36. Rb5 Rc4 37. Rxa5 Rxe4 38. Kf2 Kf7 39. c6 Rc4 40. Rxe5
Rxc6 41. Re2 Ra6 42. Ra2 Ra5 43. Ke3 Ke6 44. Kd4 Kd6 45. Kc4 Kc6 46. Kb4 Re5 47.
Rc2+ Kb6 48. Rc4 Re2 49. g3 Rg2 50. g4 Rg3 51. Rc3 Rg2 52. a5+ Kb7 53. Rf3 h5
54. Rf7+ Kb8 55. gxh5 gxh5 56. Rf5 h4 57. Rh5 Kb7 58. Rh7+ Ka6 59. Rh6+ Kb7 60.
Rxh4 Rh2 61. Rh6 Rb2+ 62. Kc5 Ra2 63. a6+ Ka7 64. h4 Rc2+ 65. Kd4 Re2 66. h5 Rh2
67. Ke4 Rh1 68. Kf4 Rh2 69. Kg3 Rh1 70. Kg4 Rg1+ 71. Kf5 Rh1 72. Rh8 Kxa6 73.
Kg6 Kb7 74. Rd8 Kc7 75. Rd2 Rg1+ 76. Kh7 Rg3 77. h6 Rg1 78. Kh8 Rg3 79. h7 Rg1
80. Rf2 Kd7 81. Rf8 Ke7 82. Rg8 Rf1 83. Kg7 Rg1+ 84. Kh6 Rh1+ 85. Kg6 1-0

[Event "World Blitz Women 2025"]
[Site "Doha QAT"]
[Date "2025.12.29"]
[Round "8.2"]
[White "Omonova, Umida"]
[Black "Francisco Guecamburu, Candela Be"]
[Result "1-0"]
[WhiteTitle "WIM"]
[BlackTitle "WGM"]
[WhiteElo "2294"]
[BlackElo "2238"]
[WhiteFideId "14210363"]
[BlackFideId "160911"]
[EventDate "2025.12.29"]

1. e4 e5 2. Nf3 Nc6 3. Bc4 Nf6 4. d3 h6 5. O-O d6 6. c3 g5 7. Nbd2 Qe7 8. a4 Be6
9. b4 a6 10. Bb2 Bg7 11. b5 Na5 12. Bxe6 Qxe6 13. c4 b6 14. Bc3 Nb7 15. d4 Nd7
16. Re1 O-O 17. h3 Qg6 18. Nf1 exd4 19. Bxd4 Nbc5 20. Bxg7 Qxg7 21. Ng3 Rfe8 22.
Nd4 axb5 23. cxb5 Qg6 24. f3 Ne5 25. Ngf5 Ned3 26. Re3 Nb2 27. Qc2 Nbxa4 28.
Rea3 Qf6 29. Rxa4 Rxa4 30. Rxa4 Nxa4 31. Qxa4 Qe5 32. Nxh6+ Kh7 33. Ng4 Qf4 34.
Qc2 Re7 35. Ne2 1-0

[Event "World Blitz Women 2025"]
[Site "Doha QAT"]
[Date "2025.12.29"]
[Round "8.3"]
[White "Buksa, Nataliya"]
[Black "Roebers, Eline"]
[Result "0-1"]
[WhiteTitle "IM"]
[BlackTitle "IM"]
[WhiteElo "2397"]
[BlackElo "2396"]
[WhiteFideId "14123622"]
[BlackFideId "1058401"]
[EventDate "2025.12.29"]

1. d4 d6 2. e4 Nf6 3. Nc3 Nbd7 4. Nf3 e5 5. Be3 Be7 6. Bc4 O-O 7. O-O c6 8. Bb3
h6 9. h3 Re8 10. Re1 Qc7 11. a4 Nf8 12. d5 a5 13. Qd2 Ng6 14. Rad1 Bf8 15. Kh2
Nh5 16. g3 c5 17. Bc4 Qd8 18. Bb5 Bd7 19. Be2 Qf6 20. Rg1 Nhf4 21. gxf4 exf4 22.
Rxg6 fxg6 23. Bxf4 g5 24. Bg3 g4 25. Ng1 gxh3 26. Qf4 Qxf4 27. Bxf4 g5 28. Bg3
g4 29. f3 h5 30. fxg4 hxg4 31. Nb5 Rxe4 32. Bd3 Re3 33. Bf4 Re7 34. Ne2 c4 35.
Bxc4 Rc8 36. Bd3 Rxc2 37. Nc3 Rxb2 38. Bxd6 Rexe2+ 39. Nxe2 Bxd6+ 40. Kh1 g3 41.
Rc1 g2+ 42. Kg1 Bg4 43. Re1 Bxe2 44. Bxe2 Bc5+ 45. Kh2 g1=Q+ 0-1

[Event "World Blitz Women 2025"]
[Site "Doha QAT"]
[Date "2025.12.29"]
[Round "8.4"]
[White "Nurman, Alua"]
[Black "Nurgaliyeva, Zarina"]
[Result "1/2-1/2"]
[WhiteTitle "WGM"]
[BlackTitle "WIM"]
[WhiteElo "2367"]
[BlackElo "2305"]
[WhiteFideId "13729390"]
[BlackFideId "13730096"]
[EventDate "2025.12.29"]

1. e4 e5 2. Nf3 Nc6 3. Bb5 a6 4. Ba4 Nf6 5. O-O Be7 6. Re1 b5 7. Bb3 d6 8. c3
O-O 9. h3 Bb7 10. d4 Re8 11. Ng5 Rf8 12. Nf3 Re8 13. Nbd2 Bf8 14. d5 Nb8 15. c4
c6 16. dxc6 Bxc6 17. Bc2 Nbd7 18. cxb5 axb5 19. Nf1 d5 20. exd5 Bxd5 21. Ng3 Bc5
22. Be3 Qb6 23. Bxc5 Qxc5 24. Ng5 Rad8 25. Rc1 Qd4 26. Bd3 h6 27. Nf3 Qxb2 28.
Rb1 Qxa2 29. Bxb5 e4 30. Nd4 Rf8 31. Ngf5 Ne5 32. Re2 Qa5 33. Ne7+ Kh8 34. Qe1
Qxe1+ 35. Rbxe1 Bc4 36. Bxc4 Nxc4 37. Nec6 Rd6 38. Rc2 Ne5 39. Nxe5 Rxd4 40. Rc4
Rxc4 41. Nxc4 Rd8 42. Ne5 Kg8 43. Kf1 Rd5 44. Nc4 g6 45. Rb1 Nd7 46. Ne3 Rd4 47.
Rb7 Ne5 48. Rb8+ Kg7 49. Rb1 Rd2 50. Rd1 Ra2 51. Rd4 Nd3 52. Rxe4 Rxf2+ 53. Kg1
Ra2 54. Rd4 Ne5 55. Rd1 Ra3 56. Nc2 Ra2 57. Nd4 Nc4 58. Re1 f5 59. Re6 f4 60.
Re4 g5 61. Ne6+ Kf6 62. Nxf4 Ra1+ 63. Kh2 gxf4 64. Rxf4+ Kg5 65. Rxc4 Ra3 66.
Rc5+ Kg6 67. h4 h5 68. Rg5+ Kh7 1/2-1/2

[Event "World Blitz Women 2025"]
[Site "Doha QAT"]
[Date "2025.12.29"]
[Round "8.5"]
[White "Ju, Wenjun"]
[Black "Stefanova, Antoaneta"]
[Result "0-1"]
[WhiteTitle "GM"]
[BlackTitle "GM"]
[WhiteElo "2565"]
[BlackElo "2391"]
[WhiteFideId "8603006"]
[BlackFideId "2902257"]
[EventDate "2025.12.29"]

1. Nf3 d5 2. b3 Nf6 3. Bb2 g6 4. c4 dxc4 5. bxc4 c5 6. g3 Bg7 7. Bg2 O-O 8. O-O
Nc6 9. d3 Rb8 10. Ne5 Na5 11. Qc2 Qc7 12. Nd2 b6 13. Nb3 Bb7 14. Nxa5 Bxg2 15.
Kxg2 bxa5 16. Bc3 Ne8 17. Ng4 Qc6+ 18. Kg1 a4 19. Rab1 Nd6 20. Bxg7 Kxg7 21.
Qc3+ f6 22. Ne3 Rb7 23. Nd5 e6 24. Nf4 Re7 25. Rb2 g5 26. Ng2 Nf5 27. e3 h5 28.
h3 g4 29. h4 e5 30. Rfb1 Rd7 31. Rb5 Rfd8 32. Ne1 e4 33. Qa5 exd3 34. Rxc5 Qe4
35. Qd2 a6 36. Ng2 Kf7 37. Nf4 Ng7 38. Rd5 Qxc4 39. Rxd7+ Rxd7 40. Rd1 Ne6 41.
Rc1 Qe4 42. Nxh5 Nc7 43. Nf4 Nb5 44. Rd1 Qc4 45. Nxd3 Ke7 46. Kg2 Qc6+ 47. Kg1
Qc4 48. Kg2 Nc3 49. Qc2 Qe4+ 50. Kg1 Nxd1 51. Qc5+ Kf7 52. Nf4 Nxe3 53. fxe3
Rd1+ 54. Kf2 Qf3# 0-1

[Event "World Blitz Women 2025"]
[Site "Doha QAT"]
[Date "2025.12.29"]
[Round "8.6"]
[White "Lei, Tingjie"]
[Black "Divya, Deshmukh"]
[Result "1-0"]
[WhiteTitle "GM"]
[BlackTitle "GM"]
[WhiteElo "2569"]
[BlackElo "2497"]
[WhiteFideId "8605114"]
[BlackFideId "35006916"]
[EventDate "2025.12.29"]

1. e4 e5 2. Nf3 d6 3. d4 exd4 4. Nxd4 Nf6 5. Nc3 Be7 6. g3 O-O 7. Bg2 a6 8. a4
c5 9. Nde2 Nc6 10. O-O Be6 11. h3 Qd7 12. Kh2 Rad8 13. Nd5 Bxd5 14. exd5 Ne5 15.
f4 Ng6 16. a5 Rfe8 17. c4 Bf8 18. Nc3 h5 19. Qd3 Ne7 20. Be3 Qf5 21. Qd2 Qg6 22.
Bf2 Nf5 23. Bf3 Qh7 24. Kg2 Qg6 25. Kh2 Qh7 26. Rab1 Ng4+ 27. Bxg4 hxg4 28. h4
g6 29. b4 cxb4 30. Rxb4 Rd7 31. Rfb1 Ree7 32. Qd3 Bg7 33. Ne4 Qh6 34. Kg2 Qh5
35. c5 dxc5 36. Nxc5 Rxd5 37. Qb3 Re2 38. Rxb7 Nxh4+ 39. gxh4 g3 40. Qxg3 Bd4
41. Nd3 Bxf2 42. Nxf2 Rdd2 43. Rb8+ Kh7 44. Rf1 Qd5+ 45. Qf3 Qxa5 46. Rb7 Qf5
47. Rb8 a5 48. Kg1 Qf6 49. Qg3 Qd4 50. Rb7 Kg7 51. h5 Qf6 52. hxg6 Qxg6 53.
Qxg6+ Kxg6 54. Rb5 a4 55. Ra5 Ra2 56. Rg5+ Kf6 57. Kg2 a3 58. Kf3 Reb2 59. Ng4+
Ke7 60. Re1+ Kf8 61. Nf6 Rb3+ 62. Ke4 Ke7 63. Nd5+ Kd6 64. Ne3 Rb4+ 65. Kd3 Rab2
66. Nc4+ Kc6 67. Nxb2 axb2 68. Rb1 Rxf4 69. Rxb2 Rf3+ 70. Ke4 1-0

[Event "World Blitz Women 2025"]
[Site "Doha QAT"]
[Date "2025.12.29"]
[Round "8.7"]
[White "Danielian, Elina"]
[Black "Tan, Zhongyi"]
[Result "1-0"]
[WhiteTitle "GM"]
[BlackTitle "GM"]
[WhiteElo "2408"]
[BlackElo "2524"]
[WhiteFideId "13300210"]
[BlackFideId "8603642"]
[EventDate "2025.12.29"]

1. d4 d5 2. Bg5 h6 3. Bh4 c5 4. dxc5 g5 5. Bg3 Bg7 6. c3 Nf6 7. Nd2 Nbd7 8. b4
a5 9. a3 Nh5 10. Rc1 axb4 11. axb4 O-O 12. e3 Nxg3 13. hxg3 b6 14. c6 Ne5 15. b5
Bf5 16. Nb3 Qd6 17. Nf3 Ng4 18. Be2 e5 19. Nbd2 Ra2 20. O-O Qg6 21. Qb3 Rfa8 22.
Qxd5 Qh5 23. c7 Be6 24. Qc6 Rc8 25. Rfd1 Ra7 26. Qxb6 Raxc7 27. c4 Bf5 28. e4
Bg6 29. c5 f5 30. exf5 Bxf5 31. Nf1 Rf7 32. c6 e4 33. N3h2 Be5 34. Qc5 Re8 35.
b6 e3 36. f4 gxf4 37. gxf4 Bxf4 38. Bxg4 Bxg4 39. Nxg4 Qxg4 40. Re1 e2 41. Nh2
Qg3 42. Nf3 Be3+ 43. Qxe3 Rxe3 44. c7 Rexf3 45. c8=Q+ Rf8 46. Qe6+ R3f7 47. Qxe2
Qg6 48. Qb2 Rf2 49. Qb3+ Kh8 50. Qc3+ Kg8 51. Qc6 R2f6 52. Qd5+ 1-0

[Event "World Blitz Women 2025"]
[Site "Doha QAT"]
[Date "2025.12.29"]
[Round "8.8"]
[White "Lagno, Kateryna"]
[Black "Toncheva, Nadya"]
[Result "1/2-1/2"]
[WhiteTitle "GM"]
[BlackTitle "FM"]
[WhiteElo "2508"]
[BlackElo "2362"]
[WhiteFideId "14109336"]
[BlackFideId "2924056"]
[EventDate "2025.12.29"]

1. e4 c5 2. Nf3 Nc6 3. Nc3 e6 4. h3 a6 5. a4 Qc7 6. Be2 Nf6 7. O-O Be7 8. Re1
O-O 9. Bf1 d5 10. exd5 exd5 11. d3 b6 12. Bg5 Be6 13. Qd2 h6 14. Bf4 Bd6 15. Ne2
Rfe8 16. Bxd6 Qxd6 17. Nf4 Bd7 18. g3 a5 19. Bg2 Rxe1+ 20. Rxe1 Re8 21. Rxe8+
Bxe8 22. b3 Bd7 23. Qe3 d4 24. Qe1 Qe7 25. Qxe7 Nxe7 26. Ne5 Kf8 27. Nc4 Nc8 28.
Bb7 g5 29. Ne2 Bxh3 30. f3 Be6 31. Bxc8 Bxc8 32. Nxb6 Be6 33. Kf2 h5 34. Ke1 Nd7
35. Nxd7+ Bxd7 36. f4 f6 37. Kf2 Ke7 38. Ng1 Bg4 39. fxg5 fxg5 40. Nf3 Kf6 41.
Nd2 Bd1 42. Ne4+ Kf5 43. Nxc5 Bxc2 44. Nb7 Bxb3 45. Nxa5 Bxa4 46. Nc4 Bc2 47.
Nd6+ Ke5 48. Nc4+ Kf6 49. Ke2 h4 50. gxh4 gxh4 51. Nd2 h3 52. Nf3 Kf5 53. Kf2
Bxd3 54. Nxd4+ Kg4 55. Nf3 h2 1/2-1/2

[Event "World Blitz Women 2025"]
[Site "Doha QAT"]
[Date "2025.12.29"]
[Round "8.9"]
[White "Salimova, Nurgyul"]
[Black "Zhu, Jiner"]
[Result "1-0"]
[WhiteTitle "IM"]
[BlackTitle "GM"]
[WhiteElo "2396"]
[BlackElo "2579"]
[WhiteFideId "2915138"]
[BlackFideId "8608059"]
[EventDate "2025.12.29"]

1. d4 Nf6 2. Nf3 d5 3. c4 e6 4. cxd5 exd5 5. Qc2 Nc6 6. a3 Bd6 7. Bg5 h6 8. Bh4
g5 9. Bg3 g4 10. Ne5 Nxd4 11. Qa4+ Nc6 12. Nxc6 bxc6 13. Qxc6+ Bd7 14. Qc2 Qe7
15. Bxd6 Qxd6 16. e3 h5 17. Nc3 Rb8 18. O-O-O Qe5 19. h3 gxh3 20. gxh3 Kf8 21.
Bg2 c6 22. Qd2 Rg8 23. Bf3 Bf5 24. Qd4 Qxd4 25. Rxd4 Ke7 26. Rf4 Be6 27. h4 Rg7
28. Rd1 Rbg8 29. e4 Rg1 30. exd5 cxd5 31. Ra4 Rxd1+ 32. Kxd1 Rg1+ 33. Kd2 Kd6
34. Rxa7 d4 35. Ne2 Rb1 36. Nxd4 Rxb2+ 37. Ke3 Ng4+ 38. Bxg4 hxg4 39. Nxe6 Kxe6
40. Kf4 Rxf2+ 41. Kxg4 f5+ 42. Kg3 Rc2 43. h5 Rc3+ 44. Kf4 Rc4+ 45. Kf3 Rc3+ 46.
Kg2 Rc2+ 47. Kf3 Rc3+ 48. Ke2 Rh3 49. h6 Ke5 50. h7 f4 51. a4 Ke4 52. Re7+ Kf5
53. a5 f3+ 54. Kf2 Kf4 55. Rf7+ Kg4 56. Rg7+ Kf4 57. a6 Rh2+ 58. Kg1 1-0

[Event "World Blitz Women 2025"]
[Site "Doha QAT"]
[Date "2025.12.29"]
[Round "8.10"]
[White "Yip, Carissa"]
[Black "Assaubayeva, Bibisara"]
[Result "0-1"]
[WhiteTitle "IM"]
[BlackTitle "GM"]
[WhiteElo "2459"]
[BlackElo "2497"]
[WhiteFideId "2090732"]
[BlackFideId "13708694"]
[EventDate "2025.12.29"]

1. e4 c5 2. Nf3 d6 3. d4 cxd4 4. Nxd4 Nf6 5. Nc3 a6 6. h3 e5 7. Nb3 Be7 8. Qf3
Be6 9. Bd2 Nbd7 10. g4 h6 11. Rg1 Nh7 12. Nd5 Bxd5 13. exd5 Ndf8 14. Bd3 Bg5 15.
O-O-O Ng6 16. Bxg6 fxg6 17. Qe4 O-O 18. Qxg6 Rxf2 19. Kb1 Qf6 20. Qxf6 Nxf6 21.
Bb4 Rd8 22. Na5 Ne4 23. a3 Rd7 24. Rge1 Nd2+ 25. Ka2 e4 26. Nb3 Nxb3 27. Kxb3 e3
28. Rd3 Rf3 29. h4 Bf4 30. Ba5 Re7 31. Bb6 Re8 32. Re2 Kf7 33. c4 g5 34. hxg5
hxg5 35. c5 Rf2 36. Re1 e2 37. c6 Rf1 38. Ba5 bxc6 39. dxc6 Rxe1 40. Bxe1 Rb8+
41. Kc2 Be5 42. Rf3+ Ke6 43. c7 Rc8 44. Re3 Rxc7+ 45. Kd3 Rb7 46. b4 Rc7 47.
Rxe2 Kd5 48. Rc2 Rh7 49. Re2 Rh3+ 50. Re3 Rh1 51. Re2 Rg1 52. Kc2 Rxg4 53. a4
Rc4+ 54. Kb3 Rc1 55. Rd2+ Ke4 56. Bf2 g4 57. b5 axb5 58. axb5 g3 59. Ba7 Rb1+
60. Kc2 Rxb5 61. Re2+ Kf3 62. Re3+ Kg4 63. Kd3 Ra5 64. Bb6 Ra3+ 65. Ke2 Rxe3+
66. Bxe3 g2 67. Kf2 Kh3 68. Kf3 Bh2 69. Ke4 g1=Q 70. Bxg1 Bxg1 71. Kd5 Bh2 0-1

[Event "World Blitz Women 2025"]
[Site "Doha QAT"]
[Date "2025.12.29"]
[Round "8.11"]
[White "Garifullina, Leya"]
[Black "Shukhman, Anna"]
[Result "1/2-1/2"]
[WhiteTitle "IM"]
[BlackTitle "WGM"]
[WhiteElo "2454"]
[BlackElo "2431"]
[WhiteFideId "34127035"]
[BlackFideId "54180058"]
[EventDate "2025.12.29"]

1. e4 c5 2. Nf3 d6 3. d4 cxd4 4. Nxd4 Nf6 5. Nc3 a6 6. Be3 e5 7. Nb3 Be7 8. h3
h6 9. Qf3 b5 10. g4 Bb7 11. O-O-O Nbd7 12. Kb1 b4 13. Nd5 Nxd5 14. exd5 a5 15.
Nd2 a4 16. h4 Nf6 17. Nc4 e4 18. Qg2 Nxd5 19. Bd4 Nf4 20. Qg3 Ne6 21. Bb6 Qb8
22. Nxd6+ Bxd6 23. Rxd6 O-O 24. Bc4 Rc8 25. Bxe6 fxe6 26. Rhd1 Bd5 27. Qe5 b3
28. cxb3 axb3 29. a3 Qb7 30. g5 h5 31. g6 Ra6 32. Qxh5 Rxb6 33. Rxb6 Qxb6 34.
Qh7+ Kf8 35. Qh8+ Ke7 36. Qxc8 Qxf2 37. Qc3 e3 38. Qxg7+ Kd6 39. Qc3 Qe2 40. Re1
Be4+ 41. Kc1 Qf2 42. g7 Bh7 43. h5 Qg2 44. Qd4+ Ke7 45. Qc3 e2 46. h6 Qg5+ 47.
Qd2 Qc5+ 48. Qc3 Qg5+ 49. Qd2 Qc5+ 50. Qc3 Qg5+ 51. Qd2 Qc5+ 1/2-1/2